[Event "SRB-chT3 South"]
[Site "Serbia"]
[Date "2017.10.15"]
[Round "11.4"]
[White "Vulicevic, Bratimir"]
[Black "Dimitrijevic, Zoran"]
[Result "1/2-1/2"]
[WhiteElo "2131"]
[BlackElo "2075"]
[PlyCount "28"]
[EventDate "2017.09.03"]
[EventType "team-tourn"]
[EventRounds "11"]
[EventCountry "SRB"]
[SourceTitle "EXT 2022"]
[Source "ChessBase"]
[SourceDate "2021.10.06"]
[SourceVersion "1"]
[SourceVersionDate "2021.10.06"]
[SourceQuality "1"]

1. d4 Nf6 2. Nf3 d5 3. c4 e6 4. Nc3 Be7 5. Bg5 Nbd7 6. e3 b6 7. cxd5 Nxd5 8. Bxe7 Nxe7 9. Rc1 a6 10. Bd3 Bb7 11. 0-0 Ng6 12. Be4 Bxe4 13. Nxe4 0-0 14. Qc2 Rc8 1/2-1/2

[Event "SRB-chT3 South"]
[Site "Serbia"]
[Date "2017.10.13"]
[Round "7.4"]
[White "Vucetic, Mirko"]
[Black "Dimitrijevic, Zoran"]
[Result "1/2-1/2"]
[WhiteElo "2045"]
[BlackElo "2075"]
[PlyCount "25"]
[EventDate "2017.09.03"]
[EventType "team-tourn"]
[EventRounds "11"]
[EventCountry "SRB"]
[SourceTitle "EXT 2022"]
[Source "ChessBase"]
[SourceDate "2021.10.06"]
[SourceVersion "1"]
[SourceVersionDate "2021.10.06"]
[SourceQuality "1"]

1. d4 Nf6 2. Nf3 d5 3. Bf4 e6 4. e3 Bd6 5. Bg5 Nbd7 6. c3 c6 7. Nbd2 h6 8. Bh4 Qc7 9. Bd3 e5 10. dxe5 Nxe5 11. Nxe5 Bxe5 12. Bg3 Bxg3 13. hxg3 1/2-1/2

[Event "SRB-chT2 East"]
[Site "Vrnjacka Banja"]
[Date "2015.10.09"]
[Round "7.52"]
[White "Radovic, Luka"]
[Black "Dimitrijevic, Zoran"]
[Result "1/2-1/2"]
[WhiteElo "2286"]
[BlackElo "2137"]
[PlyCount "38"]
[EventDate "2015.08.28"]
[EventType "team-tourn"]
[EventRounds "11"]
[EventCountry "SRB"]
[SourceTitle "EXT 2022"]
[Source "ChessBase"]
[SourceDate "2021.10.06"]
[SourceVersion "1"]
[SourceVersionDate "2021.10.06"]
[SourceQuality "1"]

1. Nf3 Nf6 2. c4 c5 3. g3 g6 4. Bg2 Nc6 5. 0-0 Bg7 6. d4 cxd4 7. Nxd4 0-0 8. c5 a6 9. Nc3 Qc7 10. Nb3 Rd8 11. Bf4 d6 12. cxd6 exd6 13. Rc1 Be6 14. e4 Qe7 15. Re1 Ne5 16. Nd4 Rac8 17. Nxe6 Qxe6 18. b3 Nfd7 19. Nd5 Rxc1 1/2-1/2

[Event "SRB Central-chT qual"]
[Site "Nis"]
[Date "2014.10.03"]
[Round "3"]
[White "Dimitrijevic, Zoran"]
[Black "Stojanovic, Zlatko"]
[Result "1/2-1/2"]
[WhiteElo "2107"]
[BlackElo "2230"]
[PlyCount "42"]
[EventDate "2014.10.02"]
[EventType "team-tourn"]
[EventRounds "7"]
[EventCountry "SRB"]
[SourceTitle "CBM 163 Extra"]
[Source "ChessBase"]
[SourceDate "2014.12.23"]
[SourceVersion "1"]
[SourceVersionDate "2014.12.23"]
[SourceQuality "1"]

1. d4 d6 2. Nf3 g6 3. g3 Bg7 4. Bg2 Nd7 5. 0-0 e5 6. dxe5 dxe5 7. Nc3 Ne7 8. Bg5 f6 9. Bd2 0-0 10. e4 Nb6 11. Qe2 Bg4 12. Rfd1 c6 13. Be3 Qc7 14. Bxb6 Qxb6 15. Qc4+ Kh8 16. Na4 Qc7 17. Nc5 Rad8 18. h3 Bc8 19. Ne6 Bxe6 20. Qxe6 Nc8 21. Nh4 Nd6 1/2-1/2

[Event "SRB-chT2 South"]
[Site "Nis"]
[Date "2013.10.20"]
[Round "6.3"]
[White "Dimitrijevic, Zoran"]
[Black "Radivojevic, Tomislav"]
[Result "1/2-1/2"]
[WhiteElo "2086"]
[BlackElo "2169"]
[PlyCount "43"]
[EventDate "2013.10.17"]
[EventType "team-swiss"]
[EventRounds "8"]
[EventCountry "SRB"]
[SourceTitle "EXT 2015"]
[Source "ChessBase"]
[SourceDate "2014.11.20"]
[SourceVersion "1"]
[SourceVersionDate "2014.11.20"]
[SourceQuality "1"]

1. d4 d5 2. Bf4 Nf6 3. Nf3 c6 4. c3 Bf5 5. e3 e6 6. Bd3 Bg6 7. Bxg6 hxg6 8. h3 Bd6 9. Bxd6 Qxd6 10. Nbd2 Nbd7 11. Qe2 0-0 12. e4 e5 13. 0-0 dxe4 14. Nxe4 Nxe4 15. Qxe4 exd4 16. Qxd4 Qxd4 17. Nxd4 Nf6 18. Rfe1 Rfe8 19. Kf1 Nd5 20. g3 Kf8 21. Rxe8+ Rxe8 22. Re1 1/2-1/2

[Event "SRB-chT2 South"]
[Site "Nis"]
[Date "2013.10.19"]
[Round "4.2"]
[White "Djukic, Nebojsa"]
[Black "Dimitrijevic, Zoran"]
[Result "0-1"]
[WhiteElo "2177"]
[BlackElo "2086"]
[PlyCount "124"]
[EventDate "2013.10.17"]
[EventType "team-swiss"]
[EventRounds "8"]
[EventCountry "SRB"]
[SourceTitle "EXT 2014"]
[Source "ChessBase"]
[SourceDate "2013.11.20"]
[SourceVersion "1"]
[SourceVersionDate "2013.11.20"]
[SourceQuality "1"]

1. e4 d5 2. exd5 Qxd5 3. Nf3 Nf6 4. d4 c6 5. Be2 Bf5 6. 0-0 e6 7. Be3 Qd8 8. h3 Nbd7 9. c4 Be7 10. Nc3 0-0 11. Qb3 Qb6 12. Rfd1 Rfd8 13. Bd3 Qxb3 14. axb3 Bxd3 15. Rxd3 Nc5 16. Rdd1 Nxb3 17. Ra4 c5 18. d5 exd5 19. cxd5 a6 20. Ra2 b5 21. d6 Bxd6 22. Bg5 Nd4 23. Nxd4 cxd4 24. Bxf6 gxf6 25. Nd5 Bh2+ 26. Kxh2 Rxd5 27. b4 d3 28. Ra3 Rd4 29. Rdxd3 Rxb4 30. Rd6 a5 31. Rxf6 Kg7 32. Rb6 a4 33. Rg3+ Kf8 34. Rb7 Rf4 35. Rxb5 a3 36. Rgb3 Rxf2 37. Rb8+ Rxb8 38. Rxb8+ Ke7 39. Ra8 a2 40. Kg3 Rb2 41. Ra6 Kd7 42. Kf3 Kc7 43. g4 Kb7 44. Ra5 Kb6 45. Ra8 Kc5 46. Kf4 Kb4 47. Kg5 Kb3 48. Kf6 Rb1 49. Kxf7 a1Q 50. Rxa1 Rxa1 51. Kg7 Ra7+ 52. Kf6 Kc4 53. g5 Kd5 54. h4 Ra6+ 55. Kf5 h6 56. h5 hxg5 57. Kxg5 Ke5 58. h6 Ra1 59. Kg6 Rg1+ 60. Kh7 Kf6 61. Kh8 Kg6 62. h7 Ra1 0-1